00556nam a22001817a 450000500170000001000150001702000260003203500140005803700090007208200130008110000100009424500530010425000060015726000350016327001220019830000200032070000340034020260128123517.0 aENG-147680 a9789358044324c550.00 aEN-131212 bDBAD 21a340.1 aPlato aLaws/cPlato [and] Translated By Benjamin Jowett a1 aEast DelhibPharos Booksc2023 aPlot No. -63 Main Mother Dairy Road Pandav Nagar, East DelhibEast Delhie110092k011-403958555msales@pharosbooks.in a586p.c21cm(pb) aJowett, Benjamin eTranslator